Wszystkie dzielnice i osiedla Sosnowca - Statystyki

Ogólne statystyki
  • Ten quiz został rozwiązany 49 razy
    47 od ostatniego zresetowania
  • Średni wynik to 20 z 49
Statystyki odpowiedzi
Odpowiedź % Poprawnych
Zagórze
79%
Niwka
74%
Śródmieście
74%
Środula
74%
Klimontów
71%
Bór
68%
Kazimierz Górniczy
68%
Sielec
68%
Maczki
65%
Ostrowy Górnicze
65%
Milowice
62%
Pogoń
62%
Dańdówka
59%
Jęzor
59%
Porąbka
59%
Modrzejów
56%
Osiedle Naftowa
56%
Bobrek
53%
Juliusz
53%
Pekin
53%
Stary Sosnowiec
53%
Dębowa Góra
50%
Rudna
47%
Mec
44%
Konstantynów
35%
Józefów
32%
Stare Maczki
32%
Cieśle
29%
Nowa Pogoń
29%
Radocha
29%
Browar
26%
Wygwizdów
26%
Katarzyna
24%
Zuzanna
24%
Feliks
21%
Rabka
21%
Kalinowa
18%
Ostra Górka
18%
Czarne Morze
15%
Nowe Zawodzie
15%
Pawiak
15%
Bory
12%
Galot
12%
Kukułek
12%
Osiedle Piastów
12%
Stare Zawodzie
9%
Wągródka
9%
Wagowa
6%
Środula Okrzei
3%
Nie znaleziono quizów pasujących do podanych kryteriów
Rozkład punktacji
Procent ludzi z każdym wynikiem
Percentyl według liczby udzielonych odpowiedzi
Twoja historia wyników
Nie rozwiązałeś tego quizu od ostatniego zresetowania